| 000 | 02383nab a2200253 i 4500 | ||
|---|---|---|---|
| 003 | BR-BrBNA | ||
| 005 | 20250317111519.0 | ||
| 008 | 250317b2015 bl.qr|pooa||| 00| 0 por | | ||
| 040 |
_aBR-BrBNA _bpor |
||
| 072 | _aF70 | ||
| 100 | _aSoares Neto, Raimundo Luciano | ||
| 100 | _aJardim, Jomar Gomes | ||
| 245 | _aCapparaceae no Rio Grande do Norte, Brasil | ||
| 500 | _aPublicação on-line; 38 ref.; 3 illus.; Summaries (En, Pt) | ||
| 520 | _a Resumo O presente estudo consiste no levantamento florístico-taxonômico das espécies de Capparaceae para o estado do Rio Grande do Norte (RN), Nordeste do Brasil. Foram registrados cinco gêneros e seis espécies: Capparidastrum (1 sp.); Crateva (1 sp.); Cynophalla (2 spp.); Mesocapparis (1 sp.) e Neocalyptrocalyx (1 sp.). As espécies ocorrem com maior frequência em Caatinga sensu lato e em Floresta Estacional Semidecidual. Capparidastrum frondosum e Mesocapparis lineata são novas ocorrências, esta última restrita a uma única localidade no estado. São apresentadas descrições, chave de identificação para as espécies e ilustrações. Palavras-chave: Brassicales, taxonomia, flora, Cynophalla, Região Nordeste. Abstract This study consists in the floristic-taxonomic survey of the Capparaceae species in the state of Rio Grande do Norte (RN), Northeastern Brazil. Five genera and six species of Capparaceae were registered: Capparidastrum (1 sp.); Crateva (1 sp.); Cynophalla (2 sp.); Mesocapparis (1 sp.) and Neocalyptrocalyx (1 sp.). The species occur more frequently in vegetation of Caatinga sensu lato and in Seasonal Semideciduous Forest. Capparidastrum frondosum and Mesocapparis lineata are new records for the state, with last one being restricted to a single locality. Descriptions, identification key for species, illustrations and images are presented. Key words: Brassicales, taxonomy, flora, Cynophalla, Northeastern Brazil. | ||
| 650 | _aTAXONOMIA | ||
| 650 | _aFLORA | ||
| 650 | _aCAPPARACEAE | ||
| 650 | _aNORDESTE | ||
| 773 | 0 |
_0709 _9349058 _dRio de Janeiro-RJ Jardim Botanico do Rio de Janeiro 1935 _o2025-1576 _tRodriguésia (Brazil) _x0370-6583; 2175-7860 on-line _gv. 66(3) p. 847-857;(2015) _wBR2025000217 |
|
| 856 | _uhttps://www.scielo.br/j/rod/a/qFTPXnCFKqPb43kg8DDhnpF/?format=pdf&lang=pt | ||
| 942 | _cANA | ||
| 999 |
_c330456 _d330456 |
||